Score 0/13 Timer 01:30
0 Plays Today
% Correct
Germany
86.3%
Belgium
75.8%
Togo
70.5%
Morocco
66.8%
Argentina
59.8%
Nepal
53.7%
Kyrgyzstan
49.4%
Andorra
49.2%
Guatemala
47.5%
Sri Lanka
44.9%
Suriname
43.1%
Côte d'Ivoire
37.4%
Brunei
36.5%

You're not logged in!

Compare scores with friends on all Sporcle quizzes.
OR
Log In

Sporcle TV

Today on Sporcle TV


Watch our educational content, quiz creation guides, and fun videos on Sporcle TV.

Show Comments

Extras

Top Quizzes Today


Score Distribution

Paid Content

Your Account Isn't Verified!

In order to create a playlist on Sporcle, you need to verify the email address you used during registration. Go to your Sporcle Settings to finish the process.

Report this User

Report this user for behavior that violates our Community Guidelines.

Details: